00410pab a2200133 454500008004000000100002000040245012500060260000900185300001200194362000800206650002300214700002100237773001800258180718b2010 xxu||||| |||| 00| 0 eng d aRay, Sarbapriya aTrade reforms and total factor productivity growth i India's aluminium industry with adjustment for capacity utilization c2010 ap.7-26. aMar aAluminium industry aPal, Mihir Kumar aArtha Vijnana